Campeões do Campeonato Paranaense - Statistics

Estatísticas Gerais
  • Esse quiz foi jogado 32 vezes
  • A pontuação média é 93 de 112
Estatísticas das Respostas
Ano Cidade do Clube Campeão Campeão % Correto
1925 | 1929 | 1930 | +24 others Curitiba-PR Club Athletico Paranaense
100%
1916 | 1927 | 1931 | +36 others Curitiba-PR Coritiba Foot Ball Club
100%
1962 | 1981 | 1992 | +2 others Londrina-PR Londrina Esporte Clube
100%
1991 | 1993 | 1994 | +4 others Curitiba-PR Paraná Clube
100%
1980 Curitiba-PR e Cascavel-PR Colorado Esporte Clube e Cascavel Esporte Clube
96%
2015 | 2025 | 2026 Ponta Grossa-PR Operário Ferroviário Esporte Clube
96%
2007 Paranavaí-PR Atlético Clube Paranavaí
84%
1963 | 1964 | 1977 Maringá-PR Grêmio de Esportes Maringá
64%
1984 | 1987 Curitiba-PR Esporte Clube Pinheiros
60%
2002 Irati-PR Iraty Sport Club
44%
1917 Curitiba-PR América Paraná Sport Club
32%
1937 | 1938 | 1944 | +5 others Curitiba-PR Clube Atlético Ferroviário
32%
1918 | 1919 | 1920 | +4 others Curitiba-PR Britânia Sport Club
28%
1967 Curitiba-PR Esporte Clube Água Verde
28%
1915 Curitiba-PR International Foot-Ball Club
28%
1961 Cornélio Procópio-PR Esporte Clube Comercial
24%
1924 | 1926 | 1932 Curitiba-PR Palestra Itália Futebol Clube
24%
1955 Telêmaco Borba-PR Clube Atlético Monte Alegre
16%
Nenhum quiz correspondente encontrado
Distribuição das Pontuações
Porcentagem de Pessoas com Cada Pontuação
Percentil de Números Respondidos
Sua Pontuação Histórica
Você não jogou esse quiz